[Event "Nezhmetdinov Memorial 35th"]
[Site "Kazan"]
[Date "2013.06.03"]
[Round "4"]
[White "Onischuk, Vladimir"]
[Black "Zakhartsov, Viacheslav V"]
[Result "1/2-1/2"]
[WhiteElo "2584"]
[BlackElo "2536"]
[Annotator "Zakhartsov,Vi"]
[PlyCount "153"]
[EventDate "2013.05.31"]
[EventType "swiss"]
[EventRounds "9"]
[EventCountry "RUS"]
[SourceTitle "CBM 155"]
[Source "ChessBase"]
[SourceDate "2013.07.16"]
[SourceVersion "1"]
[SourceVersionDate "2013.07.16"]
[SourceQuality "1"]

1. e4 c5 2. Nf3 e6 3. b3 a6 4. Bb2 Nc6 5. c4 d5 $6 (5... Qc7 {would be more
safe.}) 6. cxd5 exd5 7. exd5 Nb4 8. Be2 Nf6 (8... Bf5 {runs into} 9. O-O $1 Nc2
10. Na3 Nxa1 11. Re1 Ne7 12. Qxa1 {Vouldis-Bousios, Poros 1998; with a huge
advantage for White.}) 9. O-O Be7 10. d4 cxd4 11. Nxd4 O-O 12. Nc3 Nbxd5 13.
Nxd5 Nxd5 14. Bf3 Bf6 15. Qd2 {White has a comfortable edge due to his big
lead in development, and Black should play very carefully in order not to find
himself in big trouble.} Ne7 16. Rad1 Qb6 17. Rfe1 Rd8 18. Bc3 a5 19. Qb2 Bd7
20. Ne2 (20. Nc2 Bxc3 21. Qxc3 Nf5 22. Na3 {also deserved attention.}) 20...
Bxc3 21. Nxc3 Be6 22. Na4 Qb4 23. Qe5 (23. Qc3 $5 {deserved serious attention:}
Qxc3 24. Nxc3 Nc6 25. Bxc6 (25. Nb5 Rab8 26. Bxc6 bxc6 27. Nc7 Bf5 28. Na6 Ra8
29. Nc5 $14) 25... Rxd1 26. Rxd1 bxc6 27. Na4 Kf8 28. f3 {, and White has a
pull.}) 23... Rac8 (23... Rxd1 {!?} 24. Rxd1 Rc8) 24. Rxd8+ Rxd8 25. Nc5 Ng6
26. Qe3 Bc8 27. g3 h6 28. h4 Nf8 {Black has solved most of his problems. In
the approaching time trouble White tries to sharpen the fight.} (28... b6 29.
Na4 b5 30. Nc5 Nf8) 29. Qe7 (29. Rc1 {would have offered slightly better
chances.}) 29... Rd2 (29... b6 30. Na4 Qxe7 31. Rxe7 Rd6) 30. Re4 Qa3 31. Qc7 (
31. Nxb7 Qc1+ (31... Qxa2 {??} 32. Nd6) 32. Re1 Qc3 33. Re3 (33. Bg2 {?} Rd7)
33... Qc1+ {with a draw}) 31... Qc1+ 32. Kg2 Bd7 33. Rf4 $6 {This ambitious
try could backfire.} (33. Qf4 Bb5 34. Be2 Ng6 35. Qb8+ Kh7 36. Bxb5 Qxc5 37.
Be2 Qc2 38. Qe8 f6 39. Re3 Ne5 40. Qb5 Kg8 {with equality}) 33... Rc2 $6 {
This leads to equality, whereas} (33... Qe1 $1 {allowed} 34. Ne4 (34. Bxb7 g5
35. hxg5 hxg5 36. Rf6 Rd1 {with decisive threats:} 37. Rh6 Qg1+ 38. Kf3 g4+ 39.
Kf4 Qxf2+ 40. Kg5 Nh7+ 41. Rxh7 f6+ 42. Kh6 Qh2+ 43. Kg6 Qxh7+ 44. Kxf6 Qg7#) (
34. Nd3 Qe3 (34... Rxd3 35. Qc4 Ne6 36. Qxd3 Nxf4+ 37. gxf4 Bc6 {=}) 35. Bd5
Qxd3 36. Bxf7+ Kh7 {, winning}) 34... Rxa2 35. Bh5 f5 {, and White had nothing
better than} 36. Qc3 Qxc3 37. Nxc3 Rd2 $17) 34. Rxf7 $1 Rxc5 (34... Kxf7 {
led to a draw by perpetual:} 35. Bd5+ Ke7 (35... Kg6 {??} 36. Qd6+ Kh7 37. Qxf8
{is winning for White}) 36. Qe5+ Kd8 37. Nxb7+ Kc8 38. Nd6+ Kd8 (38... Kb8 {?}
39. Nc4+ Kc8 40. Qe7 $18) 39. Nf7+ Kc8 40. Qxg7 (40. Nd6+ Kd8 {=}) 40... Rxf2+
41. Kxf2 Qc5+ 42. Kf1 Bh3+ 43. Bg2 Qc1+ 44. Ke2 Qc2+ 45. Ke1 Qc1+ {=}) 35.
Rxf8+ Kxf8 36. Qxd7 Qe1 37. Qxb7 Qe5 $6 (37... Rc1 {forced a draw:} 38. Qb8+
Ke7 39. Qa7+ Kf8 {=}) 38. b4 axb4 39. Qxb4 Kg8 40. a4 Kh8 {The first time
control was passed. Despite White's pull, Black has managed to hold things
level.} 41. h5 Kg8 42. Qb6 Kf8 43. Qd8+ Qe8 44. Qd6+ Qe7 45. Qf4+ Kg8 46. Qb8+
Kf7 47. Qb3+ Kf8 48. Qb4 Re5 49. Qf4+ Qf6 50. Qg4 Qe6 51. Qd4 Qe7 52. Qd2 Qc5
53. g4 Ke7 54. Qb2 Qc7 55. Qb4+ Kf7 56. Qf4+ Ke7 57. Bd5 Kd6 58. Be4 Ke7 59.
Bf3 Rc5 60. Qb4 Kf7 61. Be4 Qe5 62. Bg6+ Ke6 63. Qb6+ Ke7 64. Qb7+ Qc7 65. Qb4
Ke6 66. Qb3+ Kd6 67. Qf3 Rc4 68. Qg3+ Kc6 69. Be8+ Kb7 70. Qf3+ Ka7 71. Bb5 Rd4
72. Qe3 Qf4 73. Qxf4 Rxf4 74. Kg3 Rb4 75. f4 Rb3+ 76. Kf2 Rc3 77. g5 1/2-1/2